01154naa a2200301 uc450000100070000000500170000700700100002400800410003403500110007504000130008604100080009910000380010724501250014526000670027030000130033765000320035065000260038265000280040865000210043670000360045770000380049370000370053170000380056870000360060670000380064270000430068077301290072397010720240425090046.0co|||||||060406s2004 spa  a970107 ccomduadb aspa10aHenao Montoya, Anamaria4auteaut10aLa utilizacion de Filament Winding para la fabricacion de tanques para el almacenamiento de GNV en materiales compuestos aMedellín :bUniversidad Pontificia Bolivariana, Cidi,c2004. a1 CD-ROM 7aMateriales compuestos2lemb aGas natural vehicular aRecipientes a presión aFilament winding10aVargas Silva, Gustavo4auteaut10aCruz Riano, Luis Javier4auteaut10aGañán Rojo, Piedad4auteaut10aJaramillo Moreno, Isaac4auteaut10aChamorro Perez, Jairo4auteaut10aGutierrez Lotero, Elkin4auteaut10aRestrepo Rojas, Juan Antonio4auteaut0 tMemorias de la 9 Jornadas de Investigacion en Ingenieria, Ciencias Sociales y Ciencias de la Saludw963732z179406640381598